000 00463nam a2200181Ia 4500
001 20115
005 20260306172742.0
008 260306t2021||||xx |||||||||||||| ||spa||
041 _aESP
082 _a342.211
_bV915
100 _aValls Prieto, Javier,
_eAUT
245 0 _aInteligencia artificial, derechos humanos y bienes jurídicos
260 _c2021
300 _a137 páginas :
_c23 cm.
650 _aGEN
654 _aCDE
942 _cLIB
_dJUS
_fJUS
_2ddc
_n
999 _c20115
_d20115